000 01036nam a22003257a 4500
003 CHAP
005 20220329143446.0
008 091027s2008 mx r 00010 spa d
010 _a96960
011 _a97932
020 _a9789707141520
035 _a108606
040 _cCHAP
082 0 4 _a868
_bC92
100 1 _aCurley, Dermot F.
_930527
245 1 0 _aEn la isla desierta :
_buna lectura de la obra de Salvador Elizondo
_c/por Dermont F. Curley
250 _a2 ed.
260 _aMéxico, D F. :
_bAldus,
_c2008
300 _a357 p. :
_bilus.
590 _aBATCH-UPD
_b10
_c20130110
_lUCH01
_h1018
590 _aBATCH-UPD
_b10
_c20130410
_lUCH01
_h0624
590 _aBATCH-UPD
_b10
_c20130914
_lUCH01
_h1134
590 _aCONVERSION
_b10
_c20130109
_lUCH01
_h1354
600 1 4 _aElizondo, Salvador
_d1932-
_xcrítica e interpretación.
_936347
650 1 4 _aLiteratura mexicana.
_967138
650 1 4 _aNovela.
_982011
901 _aBK
942 _cLIBRO
949 _a868 C92
_bBC
_cLIBRO
_d33724002112728
_eLIBRO
_gI.c/e
_h111236
_i108606
_sb
999 _c96960
_d96960